000 00501nam a22001577a 4500
003 OSt
008 260421b |||||||| |||| 00| 0 eng d
082 _a634.421
_bT16S
100 _aTaran, Pradip
245 _aStudies on the Effect of Calcium Potassium and Plant Growth Regulators on Fruit Development annd Quality of Guava (Psidium guajava L.) CV. Allahabad Safeda
260 _aBAU, Sabour
_bRAU, Pusa
_c1987
300 _a75P.
502 _bMsc.
_d1987
650 _aHorticulture
942 _2ddc
_cT
999 _c50099
_d50099